<The> Internationalization modes of production firms
Špecifiká procesov internacionalizácie v malých a stredných podnikoch, ktoré začnú svoju medzinárodnú činnosť ešte pred budovaním stabilnej domácej pozície, a pre ktoré sa ujal termín "Born Global". Spôsob štandardizácie a adaptácie na zahraničné trhy v prvkoch marketingového mixu a identifikovať zá...
Guardado en:
| Autor principal: | |
|---|---|
| Formato: | Capítulo de libro |
| Lenguaje: | inglés |
| Materias: | |
| Etiquetas: |
Sin Etiquetas, Sea el primero en etiquetar este registro!
|
MARC
| LEADER | 00000nla a2200000 4500 | ||
|---|---|---|---|
| 001 | 0238829 | ||
| 005 | 20240502073850.6 | ||
| 041 | 0 | |a eng | |
| 044 | |a SK | ||
| 245 | 1 | 0 | |a <The> Internationalization modes of production firms |c Dagmar Lesakova |
| 520 | |a Špecifiká procesov internacionalizácie v malých a stredných podnikoch, ktoré začnú svoju medzinárodnú činnosť ešte pred budovaním stabilnej domácej pozície, a pre ktoré sa ujal termín "Born Global". Spôsob štandardizácie a adaptácie na zahraničné trhy v prvkoch marketingového mixu a identifikovať základ konkurenčnej výhody - výsledky empirického prieskumu medzi slovenskými "born global" firmami. | ||
| 610 | 2 | 0 | |a globalizácia |
| 610 | 2 | 0 | |a internacionalizácia |
| 610 | 2 | 0 | |a trh zahraničný |
| 610 | 2 | 0 | |a vývoz |
| 610 | 2 | 0 | |a podnik malý |
| 610 | 2 | 0 | |a podnik stredný |
| 610 | 2 | 0 | |a podnik výrobný |
| 610 | 2 | 0 | |a marketing |
| 610 | 2 | 0 | |a marketing mix |
| 610 | 2 | 0 | |a výhody konkurenčné |
| 610 | 2 | 0 | |a Slovensko |
| 100 | 1 | |a Lesáková, Dagmar, 1949- | |